Statistics for Mens Cycling World Tour Races 2021

Click here to take the quiz!

General Stats

  • This quiz has been taken 77 times
  • The average score is 18 of 35

Answer Stats

ClueAnswer% Correct
The race to the sun from the French capitalParis - Nice
88%
The first of the Grand ToursGiro d'Italia
85%
Stage race that takes place in the country of Dubai and Abu DhabiUAE Tour
83%
The biggest race in cycling, La Grande Boucle, the second Grand TourTour de France
82%
The third and final grand tourLa Vuelta Ciclista a España
78%
La Primavera, the first Monument of the seasonMilan - San Remo
78%
The third Monument. The Hell of the NorthParis - Roubaix
78%
The fourth Monument, the oldest of the fiveLiege - Bastogne - Liege
77%
Season starter in AustraliaTour Down Under
77%
The second MonumentRonde van Vlaanderen
74%
The race of the two seas across ItalyTirreno - Adriatico
74%
Race named for the Dutch Brewery that sponsors itAmstel Gold Race
72%
Another Australian race, named for their winner of La Grand BoucleCadel Evans Great Ocean Road Race
72%
Stage race in the region of BarcelonaVolta Ciclista a Catalunya
63%
Stage race in northern Spain, known locally as Euskal Herriko Itzulia.Itzulia Basque Country
57%
The Walloon ArrowLa Fleche Wallonne
55%
Stage race around the French speaking part of SwitzerlandTour de Romandie
52%
The Race of the Falling Leaves, the fifth and final Monument of the yearIl Lombardia
51%
One day race in northern Spain, known in Basque as Donostia - Donostia KlasikoaSan Sebastian Classic
48%
Named for a motorway that has since changed it's nameE3 Harelbeke
46%
Part of the opening weekend of Belgian cyclingOmloop Het Niuewsblad
46%
Stage race in south-east FranceCriterium du Dauphine
43%
Stage race in the AlpsTour de Suisse
40%
Previously 4 stages in 3 days, now a one day race to the Belgian coastBrugge - De Panne
37%
The white roads around SiennaStrade Bianchi
37%
The Sprinters Classic, in Flanders FieldsGent - Wevelgem
32%
Stage race around a central European countryTour de Pologne
31%
The name simply means "Across Flanders"Dwars door Vlaanderen
28%
One day classic around the financial capital of GermanyEschborn - Frankfurt
26%
Stage race in Netherlands and Belgium named for it's sponsor, previously named the Eneco TourBinckBank Tour
23%
The other Laurentian ClassicGrand Prix Cycliste de Montreal
20%
First of the Laurentian Classics held in a city by the St Lawrence riverGrand Prix Cycliste de Quebec
18%
One day race around a city in northern GermanyCyclassics Hamburg
17%
One day race in north-west France, previously named Grand Prix de PlouayBretagne Classic
12%
The final race of the World Tour, around a Chinese autonomous regionTour of Guangxi
6%

Score Distribution

Percentile by Number Answered

Percent of People with Each Score

Your Score History

You have not taken this quiz